[Event "San Sebastian Mendez Memorial 8th"]
[Site "San Sebastian del Pepino"]
[Date "2022.01.16"]
[Round "5.2"]
[White "Rodriguez Santiago, Jaime"]
[Black "Childers Pickett, Logan"]
[Result "1-0"]
[WhiteElo "2059"]
[BlackElo "1824"]
[PlyCount "63"]
[EventDate "2022.01.14"]
[EventType "swiss"]
[EventRounds "5"]
[EventCountry "PUR"]
[SourceTitle "EXT 2023"]
[Source "ChessBase"]
[SourceDate "2022.10.05"]
[SourceVersion "1"]
[SourceVersionDate "2022.10.05"]
[SourceQuality "1"]

1. c4 f5 2. Nc3 Nf6 3. d4 e6 4. Nf3 Be7 5. g3 0-0 6. Bg2 d6 7. 0-0 Ne4 8. Qc2 Nxc3 9. Qxc3 a5 10. b3 Nc6 11. Bb2 Bf6 12. e3 Qe8 13. a3 e5 14. b4 exd4 15. Nxd4 Nxd4 16. exd4 c5 17. Qd2 axb4 18. axb4 Rxa1 19. Bxa1 Qa4 20. Rb1 Be6 21. d5 Bd7 22. Bxf6 Rxf6 23. bxc5 dxc5 24. Rxb7 Qa1+ 25. Bf1 Bc8 26. Rc7 Rf8 27. d6 Be6 28. Rxc5 f4 29. d7 Bh3 30. Qd3 fxg3 31. hxg3 Qa7 32. d8Q 1-0

[Event "Bayamon Rio Hondo op 6th"]
[Site "Bayamon"]
[Date "2021.07.27"]
[Round "6"]
[White "Ramos Roman, Miles"]
[Black "Childers Pickett, Logan"]
[Result "0-1"]
[WhiteElo "1924"]
[BlackElo "1733"]
[PlyCount "96"]
[EventDate "2021.07.24"]
[EventType "swiss"]
[EventRounds "7"]
[EventCountry "PUR"]
[SourceTitle "EXT 2022"]
[Source "ChessBase"]
[SourceDate "2021.10.06"]
[SourceVersion "1"]
[SourceVersionDate "2021.10.06"]
[SourceQuality "1"]

1. c4 f5 2. Nc3 Nf6 3. g3 e5 4. Bg2 Be7 5. d3 0-0 6. e4 d6 7. Nge2 Nc6 8. Nd5 fxe4 9. dxe4 Bg4 10. f3 Be6 11. Be3 Qd7 12. Qb3 Na5 13. Qb5 Bxd5 14. Qxd7 Nxd7 15. cxd5 Nc4 16. Bc1 Nc5 17. 0-0 c6 18. dxc6 bxc6 19. b4 Nd3 20. Bh3 Nxc1 21. Rfxc1 Nd2 22. f4 exf4 23. Nxf4 Bf6 24. Ne6 Bxa1 25. Rxa1 Rf6 26. Rc1 Re8 27. Nd4 Rxe4 28. Nxc6 Nf3+ 29. Kh1 Rh6 30. Rf1 Rxh3 31. Rxf3 Re2 32. a4 Rhxh2+ 33. Kg1 h6 34. Nxa7 Reg2+ 35. Kf1 Ra2 36. Kg1 Rhg2+ 37. Kf1 Rgb2 38. Kg1 Rxb4 39. Nc8 Rb1+ 40. Rf1 Rbb2 41. Rf3 Rg2+ 42. Kf1 Rgc2 43. Ne7+ Kh7 44. Kg1 Rg2+ 45. Kf1 Rgb2 46. Kg1 Rxa4 47. Nf5 Ra1+ 48. Rf1 Rxf1+ 0-1

[Event "Bayamon Rio Hondo op 6th"]
[Site "Bayamon"]
[Date "2021.07.26"]
[Round "5"]
[White "Childers Pickett, Logan"]
[Black "Ramirez Lopez, Carlos"]
[Result "1/2-1/2"]
[WhiteElo "1733"]
[BlackElo "2042"]
[PlyCount "84"]
[EventDate "2021.07.24"]
[EventType "swiss"]
[EventRounds "7"]
[EventCountry "PUR"]
[SourceTitle "EXT 2022"]
[Source "ChessBase"]
[SourceDate "2021.10.06"]
[SourceVersion "1"]
[SourceVersionDate "2021.10.06"]
[SourceQuality "1"]

1. e4 g6 2. d4 d6 3. Nc3 Bg7 4. Be3 c6 5. Qd2 Nd7 6. Nf3 e5 7. dxe5 dxe5 8. Bc4 Qe7 9. Ng5 Nh6 10. Ne6 fxe6 11. Bxh6 Bxh6 12. Qxh6 b5 13. Bb3 Nc5 14. f3 Bd7 15. 0-0 0-0-0 16. Qe3 Kb8 17. Nd1 a5 18. a4 b4 19. Bc4 Ka8 20. Nf2 Bc8 21. Rfd1 h5 22. c3 g5 23. cxb4 axb4 24. Qe1 Na6 25. Nd3 g4 26. Bxa6 Bxa6 27. Qxb4 Qa7+ 28. Nc5 Be2 29. Rxd8+ Rxd8 30. Kf2 Rd4 31. Qb7+ Qxb7 32. Nxb7 Rd2 33. Ke3 Rxb2 34. Nd8 Bc4 35. fxg4 hxg4 36. Re1 Rxg2 37. Nxc6 Rxh2 38. Nxe5 Bb3 39. Nxg4 Ra2 40. Rb1 Bxa4 41. Kf4 Bc6 42. Rb4 Ra4 1/2-1/2